[Event "Ste-Foy 4"]
[Site "Quebec CAN"]
[Date "2023.05.01"]
[Round "5"]
[White "Bergeron, Nicolas"]
[Black "Lescarbeau, Martin"]
[Result "0-1"]
[WhiteElo "1190"]
[BlackElo "1850"]
[PlyCount "114"]
[EventDate "2023.03.27"]
[EventType "swiss"]
[EventRounds "5"]
[EventCountry "CAN"]

1. d4 d5 2. c4 e5 3. dxe5 d4 4. Nf3 Nc6 5. e3 Bb4+ 6. Bd2 dxe3 7. fxe3 Bg4 8.
a3 Bxd2+ 9. Nbxd2 Nxe5 10. Be2 Nd3+ 11. Bxd3 Qxd3 12. Qb3 O-O-O 13. Qxd3 Rxd3
14. Ke2 Rd6 15. Ne4 Rd7 16. Rhd1 Rxd1 17. Rxd1 f5 18. Neg5 Ne7 19. Rd2 h6 20.
Ne6 g5 21. Kf2 f4 22. Nfd4 fxe3+ 23. Kxe3 Ng6 24. Kf2 Re8 25. Nc5 Ne5 26. b3 b6
27. Na4 c5 28. Nb5 Rf8+ 29. Ke1 Nc6 30. Nbc3 Nd4 31. b4 Nb3 32. Rd6 cxb4 33.
axb4 Re8+ 34. Kf2 Re6 35. Rxe6 Bxe6 36. Nb5 Kb7 37. Ke3 a6 38. Nd6+ Kc6 39. c5
bxc5 40. bxc5 Nxc5 41. Nxc5 Kxc5 42. Ne4+ Kb4 43. g3 a5 44. Kd2 a4 45. Nc3 a3
46. Kd3 a2 47. Nxa2+ Bxa2 48. Ke4 Be6 49. Ke5 Bh3 50. Kf6 Kc4 51. Kg6 Kd4 52.
g4 Ke4 53. Kxh6 Kf4 54. Kh5 Bxg4+ 55. Kh6 Bh3 56. Kh5 g4 57. Kh4 Kf3 0-1

[Event "Ste-Foy 4"]
[Site "Quebec CAN"]
[Date "2023.05.01"]
[Round "5"]
[White "Fleury, Dominic"]
[Black "Pepin, Pierre-Luc"]
[Result "1-0"]
[WhiteElo "1400"]
[BlackElo "1251"]
[PlyCount "43"]
[EventDate "2023.03.27"]
[EventType "swiss"]
[EventRounds "5"]
[EventCountry "CAN"]

1. e4 d5 2. exd5 Nf6 3. Nf3 Nxd5 4. d4 g6 5. c4 Nf6 6. b3 Bg7 7. Bd3 Nc6 8. Bb2
e6 9. O-O O-O 10. Re1 b6 11. Nbd2 Ne8 12. Ba3 Nd6 13. Be4 Nxe4 14. Bxf8 Nxd2
15. Bxg7 Nxf3+ 16. Qxf3 Bb7 17. Bf6 Qc8 18. Qh3 Nb4 19. Re3 Nc2 20. Qxh7+ Kxh7
21. Rh3+ Kg8 22. Rh8# 1-0

[Event "Ste-Foy 4"]
[Site "Quebec CAN"]
[Date "2023.05.01"]
[Round "5"]
[White "Gaudreau, Eric"]
[Black "Berube, Antoine"]
[Result "0-1"]
[WhiteElo "1627"]
[BlackElo "2175"]
[PlyCount "140"]
[EventDate "2023.03.27"]
[EventType "swiss"]
[EventRounds "5"]
[EventCountry "CAN"]

1. d4 d5 2. c4 e6 3. Nf3 Nf6 4. g3 Bb4+ 5. Bd2 Be7 6. Bg2 O-O 7. O-O Nbd7 8. b3
c6 9. Qc2 b6 10. Bg5 Bb7 11. Rd1 Rc8 12. Nbd2 c5 13. Qb2 h6 14. Bxf6 Bxf6 15.
e3 dxc4 16. Nxc4 cxd4 17. exd4 Qe7 18. Nfe5 Bxg2 19. Kxg2 b5 20. Nxd7 Qxd7 21.
Ne5 Qd5+ 22. Kg1 Rc7 23. Rac1 Rfc8 24. Rxc7 Rxc7 25. Rc1 Bxe5 26. dxe5 Rxc1+
27. Qxc1 Qxe5 28. Qc8+ Kh7 29. Qb7 Qa1+ 30. Kg2 Qxa2 31. Qxb5 Qd2 32. Qa4 Qd5+
33. Kg1 Qb7 34. h4 h5 35. b4 g6 36. b5 Qc7 37. Qd4 Kg8 38. Qe3 Kg7 39. Qd4+ e5
40. Qd5 Qc3 41. Qd7 Qd4 42. Qb7 e4 43. Kg2 e3 44. fxe3 Qxe3 45. Qd5 Kf6 46.
Qd6+ Kg7 47. Qd5 Qe7 48. Qd4+ Kg8 49. Qd5 Qc7 50. Qg5 Kf8 51. Qh6+ Ke8 52. Qg5
Qb7+ 53. Kf2 Kd7 54. Ke3 Qh1 55. Kd4 Qd1+ 56. Kc3 Qf3+ 57. Kb2 Kc7 58. Qe5+ Kb7
59. Ka2 Qf2+ 60. Kb3 Qf3+ 61. Ka4 Qg4+ 62. Ka5 Qe6 63. Qf4 Qd7 64. Qe4+ Kb8 65.
Ka4 Qg4 66. Qxg4 hxg4 67. Kb4 f5 68. Kc4 f4 69. gxf4 g3 70. f5 gxf5 0-1

[Event "Ste-Foy 4"]
[Site "Quebec CAN"]
[Date "2023.05.01"]
[Round "5"]
[White "Laflamme, Simon"]
[Black "Leonard, Thomas"]
[Result "1-0"]
[WhiteElo "1212"]
[BlackElo "1902"]
[PlyCount "33"]
[EventDate "2023.03.27"]
[EventType "swiss"]
[EventRounds "5"]
[EventCountry "CAN"]

1. d4 d5 2. c4 e6 3. Nc3 c5 4. cxd5 exd5 5. Nf3 Nf6 6. Bg5 Be6 7. e4 dxe4 8.
Nxe4 Be7 9. Nxc5 Bxc5 10. dxc5 Qxd1+ 11. Rxd1 Bxa2 12. Bxf6 gxf6 13. Bb5+ Ke7
14. O-O a6 15. Rfe1+ Be6 16. Bc4 Nc6 17. Rd6 1-0

[Event "Ste-Foy 4"]
[Site "Quebec CAN"]
[Date "2023.05.01"]
[Round "5"]
[White "Laurendeau, Alfred"]
[Black "Couture, François"]
[Result "1-0"]
[WhiteElo "1536"]
[BlackElo "1253"]
[PlyCount "91"]
[EventDate "2023.03.27"]
[EventType "swiss"]
[EventRounds "5"]
[EventCountry "CAN"]

1. d4 d5 2. c4 e6 3. Nf3 Nf6 4. Nc3 Bb4 5. Bg5 O-O 6. a3 Be7 7. e3 Nbd7 8. c5
c6 9. Bd3 b6 10. b4 b5 11. Qc2 Re8 12. O-O Ne4 13. Bxe7 Qxe7 14. Nxe4 dxe4 15.
Bxe4 Nf6 16. Bxc6 Bb7 17. Bxe8 Be4 18. Bxf7+ Kf8 19. Qe2 Kxf7 20. Ne5+ Kf8 21.
Qxb5 Rd8 22. Rac1 Rc8 23. c6 Ne8 24. Qc5 Nc7 25. Qxe7+ Kxe7 26. f3 Bg6 27.
Nxg6+ hxg6 28. e4 Rd8 29. Rfd1 Kd6 30. d5 e5 31. Rc5 a6 32. Ra5 Rb8 33. Rb1 Rb6
34. a4 g5 35. Rc5 Rb8 36. Rc2 Rb6 37. Rcb2 g6 38. b5 a5 39. Kf2 Ne8 40. Rc2 Kc7
41. Rd1 Nd6 42. Kg3 Rb8 43. Kg4 Nf7 44. d6+ Nxd6 45. Rxd6 Kxd6 46. c7 1-0

[Event "Ste-Foy 4"]
[Site "Quebec CAN"]
[Date "2023.05.01"]
[Round "5"]
[White "Mercure, Gilbert"]
[Black "Marois, Remi"]
[Result "1-0"]
[WhiteElo "1775"]
[BlackElo "1539"]
[PlyCount "61"]
[EventDate "2023.03.27"]
[EventType "swiss"]
[EventRounds "5"]
[EventCountry "CAN"]

1. e4 c5 2. b4 cxb4 3. a3 e5 4. axb4 Bxb4 5. c3 Be7 6. d4 d5 7. dxe5 dxe4 8.
Bb5+ Bd7 9. Bc4 Nc6 10. Bf4 Qc8 11. Nd2 Be6 12. Qe2 Bxc4 13. Qxc4 Qf5 14. Qxe4
Qe6 15. Ngf3 f6 16. Nd4 Nxd4 17. cxd4 fxe5 18. dxe5 Qd7 19. O-O a5 20. Rfc1 Bb4
21. e6 Qe7 22. Rc7 Qf6 23. Be5 Qxe6 24. Bxg7 Qxe4 25. Nxe4 a4 26. Bxh8 Rd8 27.
Rxb7 Ba3 28. Re1 Be7 29. Bf6 a3 30. Bxe7 Nxe7 31. Nc3 1-0

[Event "Ste-Foy 4"]
[Site "Quebec CAN"]
[Date "2023.05.01"]
[Round "5"]
[White "Potvin, Alain-Nicolas"]
[Black "Warren, Alexandre"]
[Result "1-0"]
[WhiteElo "1716"]
[BlackElo "1365"]
[PlyCount "63"]
[EventDate "2023.03.27"]
[EventType "swiss"]
[EventRounds "5"]
[EventCountry "CAN"]

1. Nf3 d5 2. e4 c6 3. exd5 cxd5 4. d4 Nf6 5. Bd3 Nc6 6. c3 Bg4 7. Nbd2 e6 8.
Qb3 Qc7 9. O-O Be7 10. Ne5 Nxe5 11. dxe5 Nd7 12. Re1 O-O 13. Qa4 Nc5 14. Bxh7+
Kxh7 15. Qxg4 Rh8 16. Nf3 Kg8 17. Ng5 Bxg5 18. Bxg5 Ne4 19. f3 Nxg5 20. Qxg5
Qb6+ 21. Kh1 Rc8 22. Re2 Rc4 23. Qe3 Qa5 24. g3 b5 25. Rd2 Qc7 26. Rd4 Qb6 27.
Re1 Qc6 28. Rxc4 dxc4 29. Qe4 Qa6 30. Rd1 Qb6 31. Rd6 Qf2 32. Rd8# 1-0

[Event "Ste-Foy 4"]
[Site "Quebec CAN"]
[Date "2023.05.01"]
[Round "5"]
[White "Soucy, Mathieu"]
[Black "Pilon, Emile"]
[Result "1-0"]
[WhiteElo "1054"]
[BlackElo "1316"]
[PlyCount "83"]
[EventDate "2023.03.27"]
[EventType "swiss"]
[EventRounds "5"]
[EventCountry "CAN"]

1. d4 d5 2. c4 e6 3. Nf3 Nc6 4. Nc3 Bd6 5. Bg5 f6 6. c5 fxg5 7. cxd6 Qxd6 8.
Nxg5 e5 9. e3 exd4 10. exd4 Qe7+ 11. Qe2 Qxe2+ 12. Bxe2 Nxd4 13. O-O Nxe2+ 14.
Nxe2 b6 15. Rfe1 Ne7 16. Nd4 h6 17. Nge6 Bxe6 18. Nxe6 Kd7 19. Nxg7 Rhg8 20.
Ne6 Rg6 21. Nf4 Rf6 22. g3 Raf8 23. Rad1 Rf5 24. Nd3 a5 25. Re2 Kd6 26. Rde1
R8f6 27. Rxe7 Rf3 28. R7e3 d4 29. Rxf3 Rxf3 30. Rd1 c5 31. Kg2 Rf6 32. Nc1 Kd5
33. Re1 c4 34. f4 Rf5 35. Kf3 h5 36. h3 d3 37. g4 hxg4+ 38. hxg4 Kd4 39. gxf5
c3 40. Re4+ Kd5 41. bxc3 d2 42. Rd4+ 1-0

[Event "Ste-Foy 5"]
[Site "Quebec CAN"]
[Date "2023.05.08"]
[Round "1"]
[White "Belanger, Mathieu-Olivier"]
[Black "Potvin, Alain-Nicolas"]
[Result "1/2-1/2"]
[WhiteElo "1993"]
[BlackElo "1706"]
[PlyCount "52"]
[EventDate "2023.05.08"]
[EventType "swiss"]
[EventRounds "5"]
[EventCountry "CAN"]

1. e4 g6 2. d4 Bg7 3. Nf3 d6 4. Bd3 Nf6 5. O-O O-O 6. Re1 Nbd7 7. h3 e5 8. c3
b6 9. Bg5 Bb7 10. Na3 Qc8 11. Nc4 Re8 12. Rc1 a5 13. a4 Nxe4 14. Bxe4 Bxe4 15.
Rxe4 d5 16. Re1 dxc4 17. dxe5 Nxe5 18. Nxe5 Rxe5 19. Rxe5 Bxe5 20. Qd5 Bd6 21.
Re1 Rb8 22. Qc6 Qf5 23. Bh6 Qc5 24. Re8+ Rxe8 25. Qxe8+ Bf8 26. Kf1 Qe7 1/2-1/2

[Event "Ste-Foy 5"]
[Site "Quebec CAN"]
[Date "2023.05.08"]
[Round "1"]
[White "Bergeron, Nicolas"]
[Black "Marois, Remi"]
[Result "0-1"]
[WhiteElo "1222"]
[BlackElo "1548"]
[PlyCount "108"]
[EventDate "2023.05.08"]
[EventType "swiss"]
[EventRounds "5"]
[EventCountry "CAN"]

1. d4 Nf6 2. c4 e6 3. Nf3 d5 4. g3 dxc4 5. Bg2 a6 6. O-O Nc6 7. a4 Rb8 8. Qc2
b5 9. Rd1 Bd7 10. e4 Nb4 11. Qe2 Be7 12. Bg5 h6 13. Bxf6 Bxf6 14. Nc3 O-O 15.
d5 Nd3 16. e5 Be7 17. b3 Bc5 18. Ne4 exd5 19. Nxc5 Nxc5 20. Rxd5 Qe7 21. axb5
axb5 22. Nd4 Nxb3 23. Nxb3 cxb3 24. Ra7 Bc6 25. Rd3 Bxg2 26. Kxg2 Rfe8 27. Rxb3
Qc5 28. Qe3 Rxe5 29. Qxc5 Rxc5 30. Kf3 Re8 31. Rb7 Re6 32. R7xb5 Rxb5 33. Rxb5
Kf8 34. Rc5 c6 35. Kg4 Ke7 36. f4 Kd6 37. Ra5 c5 38. Ra6+ Kd5 39. Ra7 Rf6 40.
Kf3 Kd4 41. Rc7 c4 42. Ke2 Kc3 43. Rb7 Kc2 44. Ke3 c3 45. Rc7 g5 46. Kd4 Rd6+
47. Ke5 Rd2 48. Rxf7 gxf4 49. gxf4 Rxh2 50. f5 Kd1 51. Rf6 c2 52. Rd6+ Rd2 53.
Rxh6 Re2+ 54. Kf4 c1=Q+ 0-1

[Event "Ste-Foy 5"]
[Site "Quebec CAN"]
[Date "2023.05.08"]
[Round "1"]
[White "Berube, Antoine"]
[Black "Laurendeau, Alfred"]
[Result "1-0"]
[WhiteElo "2174"]
[BlackElo "1515"]
[PlyCount "67"]
[EventDate "2023.05.08"]
[EventType "swiss"]
[EventRounds "5"]
[EventCountry "CAN"]

1. d4 g6 2. c4 Bg7 3. e4 d6 4. Nc3 Nf6 5. h4 Nbd7 6. Be2 h6 7. g4 c5 8. d5 Nb6
9. Nh3 Bd7 10. Nf4 Qc8 11. Rg1 Kd8 12. f3 Kc7 13. Be3 Qe8 14. a4 a5 15. Nb5+
Bxb5 16. cxb5 Nfd7 17. Qc2 Kb8 18. Kf2 Nc8 19. b6 Ncxb6 20. Bb5 Qc8 21. Rac1
Ra7 22. Qd2 Qd8 23. Kg2 Na8 24. Rc2 Nc7 25. Be2 Na6 26. Bxa6 Rxa6 27. Ne2 Ne5
28. Kg3 Qd7 29. b3 h5 30. g5 f5 31. gxf6 Bxf6 32. Bg5 Bxg5 33. Qxg5 Qe8 34. Qd2
1-0

[Event "Ste-Foy 5"]
[Site "Quebec CAN"]
[Date "2023.05.08"]
[Round "1"]
[White "Fleury, Dominic"]
[Black "De Coster, Vincent"]
[Result "1-0"]
[WhiteElo "1485"]
[BlackElo "1094"]
[PlyCount "83"]
[EventDate "2023.05.08"]
[EventType "swiss"]
[EventRounds "5"]
[EventCountry "CAN"]

1. e4 c6 2. d4 d5 3. e5 Bf5 4. Bd3 Bxd3 5. Qxd3 e6 6. Nf3 Nd7 7. b3 f6 8. Bf4
g5 9. Bg3 g4 10. Ng1 Qc7 11. f4 f5 12. h3 Nh6 13. Nd2 Bb4 14. c3 Ba5 15. b4 Bb6
16. Ke2 a6 17. hxg4 Nxg4 18. Ngf3 h6 19. Rh5 O-O-O 20. Rah1 Rde8 21. Ng5 Ndf6
22. exf6 Nxf6 23. Rxh6 Qg7 24. Rxh8 Rxh8 25. Rxh8+ Qxh8 26. Ndf3 Ne4 27. Nxe4
fxe4 28. Qe3 exf3+ 29. Kxf3 Qe8 30. Bf2 Bd8 31. g4 Be7 32. Qxe6+ Qd7 33. f5
Qxe6 34. fxe6 Kd8 35. Kf4 Bd6+ 36. Kf5 Ke7 37. g5 Kf8 38. g6 Be7 39. Be3 b6 40.
Bg5 Bxg5 41. Kxg5 c5 42. Kf6 1-0

[Event "Ste-Foy 5"]
[Site "Quebec CAN"]
[Date "2023.05.08"]
[Round "1"]
[White "Laflamme, Simon"]
[Black "Mercure, Gilbert"]
[Result "1-0"]
[WhiteElo "1905"]
[BlackElo "1756"]
[PlyCount "45"]
[EventDate "2023.05.08"]
[EventType "swiss"]
[EventRounds "5"]
[EventCountry "CAN"]

1. d4 d5 2. c4 Nc6 3. Nc3 dxc4 4. Nf3 e6 5. e4 Bb4 6. Bxc4 Nf6 7. Bd3 Qe7 8.
O-O Bxc3 9. bxc3 e5 10. d5 Nb8 11. Qa4+ Bd7 12. Qb3 c5 13. Qxb7 O-O 14. Qxa8 c4
15. Qxa7 Rc8 16. Bxc4 Nxe4 17. Ba6 Rd8 18. Bb5 Nxc3 19. Ba3 Qf6 20. Bxd7 Nxd7
21. Qe3 e4 22. Bb2 Qf5 23. Qxc3 1-0

[Event "Ste-Foy 5"]
[Site "Quebec CAN"]
[Date "2023.05.08"]
[Round "1"]
[White "Pilon, Emile"]
[Black "Gaudreau, Eric"]
[Result "0-1"]
[WhiteElo "1241"]
[BlackElo "1641"]
[PlyCount "80"]
[EventDate "2023.05.08"]
[EventType "swiss"]
[EventRounds "5"]
[EventCountry "CAN"]

1. d4 Nf6 2. Nf3 e6 3. c3 b6 4. Nbd2 Bb7 5. e3 Be7 6. Bd3 d5 7. Qc2 Nbd7 8. O-O
O-O 9. h3 c5 10. b3 Rc8 11. c4 h6 12. e4 dxe4 13. Nxe4 Qc7 14. Bb2 Rfd8 15.
Nxf6+ Nxf6 16. Rad1 Bxf3 17. gxf3 cxd4 18. Be4 Qf4 19. Bc1 Qh4 20. Kg2 Nh5 21.
Bh7+ Kh8 22. Qe4 g6 23. Bxg6 fxg6 24. Qxe6 Qf6 25. Rfe1 Bf8 26. Bb2 Nf4+ 27.
Kf1 Nxe6 28. Rd3 Qf5 29. Re4 Qxh3+ 30. Ke2 Nc5 31. Bxd4+ Rxd4 32. Rdxd4 Nxe4
33. Rxe4 Qd7 34. Ke3 Re8 35. Rxe8 Qxe8+ 36. Kf4 Bd6+ 37. Kg4 Qe6+ 38. Kh4 Kg7
39. a4 g5+ 40. Kh5 Qh3# 0-1

[Event "Ste-Foy 5"]
[Site "Quebec CAN"]
[Date "2023.05.08"]
[Round "1"]
[White "Pinsonneault, Sebastien"]
[Black "Marcotte, Lucille"]
[Result "1-0"]
[WhiteElo "1438"]
[BlackElo "972"]
[PlyCount "61"]
[EventDate "2023.05.08"]
[EventType "swiss"]
[EventRounds "5"]
[EventCountry "CAN"]

1. d4 d5 2. c4 e6 3. Nf3 Nf6 4. e3 c6 5. Bd3 Be7 6. O-O O-O 7. Nc3 Nbd7 8. Qe2
b6 9. Rd1 c5 10. e4 Bb7 11. cxd5 exd5 12. e5 Ng4 13. e6 Ndf6 14. exf7+ Rxf7 15.
Ng5 Rf8 16. h3 c4 17. Bc2 Nh6 18. Ne6 Qc8 19. Nxf8 Kxf8 20. Bxh6 gxh6 21. Qf3
Ke8 22. Re1 Qc7 23. Qxf6 Kd8 24. Qh8+ Kd7 25. Ba4+ Bc6 26. Qxa8 b5 27. Bxb5 a6
28. Bxc6+ Kd6 29. Nxd5 Qa5 30. Qb7 Bd8 31. Qd7# 1-0

[Event "Ste-Foy 5"]
[Site "Quebec CAN"]
[Date "2023.05.08"]
[Round "1"]
[White "Renzo, Alain"]
[Black "Lescarbeau, Martin"]
[Result "0-1"]
[WhiteElo "1368"]
[BlackElo "1811"]
[PlyCount "55"]
[EventDate "2023.05.08"]
[EventType "swiss"]
[EventRounds "5"]
[EventCountry "CAN"]

1. e4 e5 2. Nf3 Nc6 3. Bc4 f5 4. Nc3 fxe4 5. Nxe4 d5 6. Nxe5 Nxe5 7. Qh5+ Ng6
8. Bxd5 Nf6 9. Nxf6+ Qxf6 10. O-O c6 11. Re1+ Be7 12. Bb3 Bd7 13. d3 O-O-O 14.
Qa5 Kb8 15. Be3 c5 16. Qc3 Qxc3 17. bxc3 Bf6 18. d4 cxd4 19. cxd4 Ne7 20. Bf4+
Ka8 21. c3 Bc6 22. Rac1 Nd5 23. Be5 Rhe8 24. f4 Bxe5 25. fxe5 Nf4 26. Rc2 b5
27. Rf1 g5 28. g3 0-1

[Event "Ste-Foy 5"]
[Site "Quebec CAN"]
[Date "2023.05.08"]
[Round "1"]
[White "Servant, Michel"]
[Black "Couture, François"]
[Result "1-0"]
[WhiteElo "1713"]
[BlackElo "1258"]
[PlyCount "123"]
[EventDate "2023.05.08"]
[EventType "swiss"]
[EventRounds "5"]
[EventCountry "CAN"]

1. c4 Nf6 2. Nf3 e6 3. g3 c5 4. Bg2 Nc6 5. d4 d6 6. O-O Be7 7. Nc3 O-O 8. Re1
Qb6 9. d5 exd5 10. cxd5 Nb4 11. e4 Bg4 12. a3 Na6 13. Qc2 Bxf3 14. Bxf3 Nd7 15.
Na4 Qd8 16. Bg2 b5 17. Nc3 b4 18. Ne2 Bf6 19. Rb1 Rb8 20. Qc4 Qa5 21. Bd2 Ne5
22. Qb3 Rfc8 23. axb4 Nxb4 24. Ra1 Qb6 25. Bxb4 cxb4 26. Rec1 Ng4 27. Rxc8+
Rxc8 28. Qf3 Ne5 29. Qe3 Qxe3 30. fxe3 Ra8 31. Nd4 a6 32. Bf1 Ng4 33. Rxa6 Rxa6
34. Bxa6 Nxe3 35. Nc6 Bxb2 36. Nxb4 Be5 37. Kf2 Ng4+ 38. Kg2 g5 39. h3 Nf6 40.
Kf3 Kg7 41. Nc6 Bc3 42. Ne7 Be5 43. Bd3 Ng8 44. Nc6 f6 45. Ba6 h5 46. Bc8 Nh6
47. Bd7 g4+ 48. hxg4 hxg4+ 49. Bxg4 Nxg4 50. Kxg4 Kg6 51. Nxe5+ fxe5 52. Kh4
Kh6 53. g4 Kg6 54. g5 Kg7 55. Kh5 Kh7 56. g6+ Kg7 57. Kg5 Kg8 58. Kf6 Kf8 59.
Ke6 Kg7 60. Kxd6 Kxg6 61. Kc7 Kf6 62. d6 1-0

[Event "Ste-Foy 5"]
[Site "Quebec CAN"]
[Date "2023.05.08"]
[Round "1"]
[White "Soucy, Mathieu"]
[Black "Fridmann, Clement"]
[Result "1/2-1/2"]
[WhiteElo "1089"]
[BlackElo "1459"]
[PlyCount "80"]
[EventDate "2023.05.08"]
[EventType "swiss"]
[EventRounds "5"]
[EventCountry "CAN"]

1. d4 Nf6 2. c4 e6 3. Nc3 Bb4 4. Bg5 h6 5. Bh4 d5 6. a3 Bxc3+ 7. bxc3 c6 8. Nf3
Nbd7 9. e3 Qa5 10. Qc2 Ne4 11. Nd2 Qxc3 12. Qxc3 Nxc3 13. Bd3 dxc4 14. Nxc4 O-O
15. Nd6 Nb6 16. Be7 Nbd5 17. Bxf8 Kxf8 18. e4 Nf4 19. Kd2 Nb5 20. Bxb5 cxb5 21.
g3 Nh5 22. Nxb5 Bd7 23. Nd6 Bc6 24. Kd3 Rd8 25. Nc4 Nf6 26. f3 Nd7 27. Ke3 f5
28. Ne5 Nxe5 29. dxe5 fxe4 30. Rhd1 Rxd1 31. Rxd1 exf3 32. Rd8+ Kf7 33. h4 g6
34. g4 Bd5 35. a4 a6 36. Ra8 h5 37. gxh5 gxh5 38. Rc8 Bc6 39. a5 Kg7 40. Rd8
Bd5 1/2-1/2

[Event "Ste-Foy 5"]
[Site "Quebec CAN"]
[Date "2023.05.15"]
[Round "2"]
[White "Berube, Antoine"]
[Black "Belanger, Mathieu-Olivier"]
[Result "1-0"]
[WhiteElo "2174"]
[BlackElo "1993"]
[PlyCount "107"]
[EventDate "2023.05.08"]
[EventType "swiss"]
[EventRounds "5"]
[EventCountry "CAN"]

1. d4 Nf6 2. c4 e6 3. Nf3 Bb4+ 4. Nbd2 d6 5. e3 O-O 6. a3 Bxd2+ 7. Qxd2 Qe7 8.
b4 e5 9. dxe5 dxe5 10. Bb2 Rd8 11. Qc3 e4 12. Nd2 c5 13. b5 b6 14. Be2 Bb7 15.
a4 Nbd7 16. g4 Nf8 17. g5 Ne8 18. Qe5 Qd6 19. O-O-O a6 20. Nb1 Qxe5 21. Bxe5
axb5 22. axb5 Ng6 23. Bg3 Ne7 24. Nc3 Nf5 25. Rxd8 Rxd8 26. Na4 Ra8 27. Bd1
Nxg3 28. hxg3 Nd6 29. Nxb6 Ra3 30. Kb2 Rd3 31. Bc2 Rd2 32. Rd1 Rxd1 33. Bxd1
Bc8 34. Kc3 Kf8 35. Na4 Nb7 36. Bc2 Bf5 37. f3 Ke7 38. g4 Bg6 39. f4 f5 40.
gxf6+ Kxf6 41. Nb6 h5 42. Nd5+ Ke6 43. f5+ Bxf5 44. Nf4+ Ke5 45. gxf5 h4 46.
Ng6+ Kxf5 47. Nxh4+ Kg5 48. Ng2 Kf5 49. b6 g5 50. Ba4 Kg4 51. Bc6 Nd6 52. b7
Nxb7 53. Bxb7 Kf3 54. Kd2 1-0

[Event "Ste-Foy 5"]
[Site "Quebec CAN"]
[Date "2023.05.15"]
[Round "2"]
[White "Fridmann, Clement"]
[Black "Renzo, Alain"]
[Result "1-0"]
[WhiteElo "1459"]
[BlackElo "1368"]
[PlyCount "69"]
[EventDate "2023.05.08"]
[EventType "swiss"]
[EventRounds "5"]
[EventCountry "CAN"]

1. e4 e6 2. d4 d5 3. e5 c5 4. c3 Nc6 5. Be3 cxd4 6. cxd4 Bb4+ 7. Nc3 a6 8. a3
Ba5 9. Nf3 Nge7 10. Bd3 Nf5 11. g4 Nxe3 12. fxe3 b5 13. Qc2 g6 14. b4 Bc7 15.
Nxd5 Qxd5 16. Be4 Nxb4 17. axb4 Qc4 18. Qxc4 bxc4 19. Bxa8 Ke7 20. Rc1 Bd7 21.
Rxc4 Bb6 22. Bc6 Rc8 23. b5 axb5 24. Bxb5 Ba5+ 25. Kf2 Rb8 26. Bxd7 Kxd7 27.
Rhc1 h6 28. Ke2 Rb2+ 29. R4c2 Rb3 30. Nd2 Rb7 31. Ne4 Kd8 32. Rc8+ Ke7 33. Nf6
Rb2+ 34. Kf3 Rxh2 35. Re8# 1-0

[Event "Ste-Foy 5"]
[Site "Quebec CAN"]
[Date "2023.05.15"]
[Round "2"]
[White "Gaudreau, Eric"]
[Black "Pinsonneault, Sebastien"]
[Result "0-1"]
[WhiteElo "1641"]
[BlackElo "1438"]
[PlyCount "60"]
[EventDate "2023.05.08"]
[EventType "swiss"]
[EventRounds "5"]
[EventCountry "CAN"]

1. c4 Nf6 2. g3 g6 3. Bg2 Bg7 4. Nc3 O-O 5. d3 d6 6. e4 Nc6 7. Nge2 e5 8. O-O
Bg4 9. h3 Be6 10. Be3 Qd7 11. Kh2 Nh5 12. Qd2 Ne7 13. Nd5 c6 14. Nxe7+ Qxe7 15.
Rac1 f5 16. f4 fxe4 17. dxe4 Rad8 18. g4 Nxf4 19. Nxf4 exf4 20. Bxf4 Rxf4 21.
Rxf4 Be5 22. Kh1 Bxf4 23. Qxf4 Rf8 24. Qg3 Qg5 25. Rd1 Qe5 26. Qd3 Qxb2 27.
Qxd6 Bxc4 28. Rd2 Qc3 29. e5 Re8 30. Rf2 Qe1+ 0-1

[Event "Ste-Foy 5"]
[Site "Quebec CAN"]
[Date "2023.05.15"]
[Round "2"]
[White "Laurendeau, Alfred"]
[Black "Mercure, Gilbert"]
[Result "0-1"]
[WhiteElo "1515"]
[BlackElo "1756"]
[PlyCount "98"]
[EventDate "2023.05.08"]
[EventType "swiss"]
[EventRounds "5"]
[EventCountry "CAN"]

1. d4 d5 2. c4 e5 3. dxe5 d4 4. Nf3 Nc6 5. g3 Bf5 6. Bg2 Qd7 7. O-O O-O-O 8.
Qa4 Kb8 9. Rd1 Nxe5 10. Qxd7 Nxf3+ 11. Bxf3 Rxd7 12. b3 Nf6 13. Nd2 Bc2 14. Re1
Bb4 15. a3 Bc3 16. Ra2 Bg6 17. Rd1 Rhd8 18. Bg2 h5 19. Nf3 d3 20. exd3 Rxd3 21.
Rxd3 Rxd3 22. Bb2 Rd1+ 23. Bf1 Bb1 24. Bxc3 Bxa2 25. Nd2 Bb1 26. Kg2 Be4+ 27.
f3 Bc6 28. Kf2 Rc1 29. Bd4 Rc2 30. Ke3 Rc1 31. Bd3 Rh1 32. Nf1 Bd7 33. Kf2 Bh3
34. Bxf6 gxf6 35. f4 h4 36. gxh4 c5 37. Be2 f5 38. Bd3 Kc7 39. Be2 Kd6 40. Bd3
Ke6 41. Be2 Kf6 42. Bd3 Kg6 43. Be2 Kh6 44. Bd3 Bxf1 45. Bxf1 Rxh2+ 46. Bg2
Rxh4 47. Kg3 Rg4+ 48. Kf3 Kh5 49. Bh3 Kh4 0-1

[Event "Ste-Foy 5"]
[Site "Quebec CAN"]
[Date "2023.05.15"]
[Round "2"]
[White "Leonard, Thomas"]
[Black "Soucy, Mathieu"]
[Result "0-1"]
[WhiteElo "1387"]
[BlackElo "1089"]
[PlyCount "56"]
[EventDate "2023.05.08"]
[EventType "swiss"]
[EventRounds "5"]
[EventCountry "CAN"]

1. e4 d6 2. d4 Nf6 3. Nc3 g6 4. Bd3 Bg7 5. Bg5 c6 6. Qd2 b5 7. a3 O-O 8. Nce2
e5 9. f4 Nbd7 10. fxe5 dxe5 11. Nf3 Re8 12. O-O-O h6 13. Bxh6 Ng4 14. Be3 Nxe3
15. Qxe3 Qb6 16. Rde1 exd4 17. Nexd4 Ba6 18. Nb3 c5 19. Nbd2 Ne5 20. Nxe5 Rxe5
21. Nf3 Rh5 22. Qf2 b4 23. Bxa6 Qxa6 24. g4 Rh3 25. axb4 Qa1+ 26. Kd2 Rd8+ 27.
Ke2 Qa6+ 28. Ke3 Bd4+ 0-1

[Event "Ste-Foy 5"]
[Site "Quebec CAN"]
[Date "2023.05.15"]
[Round "2"]
[White "Lescarbeau, Martin"]
[Black "Fleury, Dominic"]
[Result "1-0"]
[WhiteElo "1811"]
[BlackElo "1485"]
[PlyCount "55"]
[EventDate "2023.05.08"]
[EventType "swiss"]
[EventRounds "5"]
[EventCountry "CAN"]

1. e4 e5 2. Nf3 Nc6 3. Bc4 Bc5 4. d3 h6 5. c3 d6 6. d4 exd4 7. cxd4 Bb4+ 8. Nc3
Nf6 9. O-O O-O 10. Qd3 Na5 11. Bb5 c6 12. Ba4 b5 13. Bc2 Bxc3 14. bxc3 Nc4 15.
Nd2 a5 16. f4 Re8 17. e5 Nd5 18. Qh7+ Kf8 19. Ne4 Nce3 20. Bxe3 Nxe3 21. exd6
f5 22. Bb3 Be6 23. Bxe6 Rxe6 24. Nc5 Rxd6 25. Rf3 Rxd4 26. Ne6+ Kf7 27. Nxd8+
Raxd8 28. Rxe3 1-0

[Event "Ste-Foy 5"]
[Site "Quebec CAN"]
[Date "2023.05.15"]
[Round "2"]
[White "Marcotte, Lucille"]
[Black "Bergeron, Nicolas"]
[Result "0-1"]
[WhiteElo "972"]
[BlackElo "1222"]
[PlyCount "66"]
[EventDate "2023.05.08"]
[EventType "swiss"]
[EventRounds "5"]
[EventCountry "CAN"]

1. d4 Nf6 2. c4 g6 3. Bg5 Ne4 4. Bh4 Bg7 5. Nc3 Nxc3 6. bxc3 c5 7. e3 Nc6 8.
Nf3 O-O 9. Be2 b6 10. a4 Ba6 11. O-O Rc8 12. Qd2 Na5 13. Rab1 Bxc4 14. Rfe1 d5
15. Bd1 Ba6 16. Bc2 Nc4 17. Qc1 Qd7 18. Bg3 cxd4 19. exd4 Na5 20. Re3 Bh6 21.
Bf4 Bxf4 22. Ne5 Qc7 23. Qe1 Bxe3 24. Qxe3 Qxc3 25. Bd3 Bxd3 26. Nxd3 Nc4 27.
Qh3 Nd2 28. Re1 Ne4 29. Qd7 Qxd3 30. f3 Qxd4+ 31. Kh1 Nf2+ 32. Kg1 Nh3+ 33. Kf1
Qf2# 0-1

[Event "Ste-Foy 5"]
[Site "Quebec CAN"]
[Date "2023.05.15"]
[Round "2"]
[White "Marois, Remi"]
[Black "Servant, Michel"]
[Result "1-0"]
[WhiteElo "1548"]
[BlackElo "1713"]
[PlyCount "31"]
[EventDate "2023.05.08"]
[EventType "swiss"]
[EventRounds "5"]
[EventCountry "CAN"]

1. e4 c5 2. Nf3 d6 3. d4 cxd4 4. Nxd4 Nf6 5. Nc3 a6 6. Bc4 e5 7. Nf5 g6 8. Nh6
Be6 9. Bb3 Bxb3 10. axb3 Nc6 11. Bg5 Bxh6 12. Bxh6 Qd7 13. Bg7 Rg8 14. Bxf6 Nb4
15. Nd5 Nc6 16. Nb6 1-0

[Event "Ste-Foy 5"]
[Site "Quebec CAN"]
[Date "2023.05.15"]
[Round "2"]
[White "Potvin, Alain-Nicolas"]
[Black "Laflamme, Simon"]
[Result "1/2-1/2"]
[WhiteElo "1706"]
[BlackElo "1905"]
[PlyCount "54"]
[EventDate "2023.05.08"]
[EventType "swiss"]
[EventRounds "5"]
[EventCountry "CAN"]

1. d4 Nf6 2. Nf3 g6 3. Bf4 Bg7 4. e3 b6 5. Be2 Bb7 6. h3 d6 7. O-O O-O 8. c4
Nbd7 9. Nc3 Ne4 10. Qc2 f5 11. a4 e5 12. Bh2 Nxc3 13. bxc3 a5 14. Rad1 Qe7 15.
Nd2 exd4 16. cxd4 Bxd4 17. exd4 Qxe2 18. Rfe1 Qh5 19. Qb3 Qg5 20. c5+ Kg7 21.
Nf3 Bxf3 22. Qxf3 bxc5 23. Qc6 Qd8 24. dxc5 Nxc5 25. Be5+ Kh6 26. Bf4+ Kg7 27.
Be5+ Kh6 1/2-1/2